000 00552nam a2200205 a 4500
001 17492
003 CO-ViMGA
008 141112s2004 ck r 000 u spa d
020 _a8477229767
040 _aCO-ViMGA
_bspa
_cCO-ViMGA
082 0 4 _aCASo
100 1 _aBalanya, Ismael
_924801
245 1 0 _aEl caso del torneo de ajedrez y ocho casos mas
260 _aBarcelona (EspaƱa),
_cTimun Mas,
_c1993
300 _a123.p.
490 _aResuelve el misterio
650 1 4 _aADIVINANZAS
_9960
650 1 4 _aJUEGOS INFANTILES
_910241
942 _2ddc
_cBK
999 _c27011
_d27011